The sale of goods (Record no. 104024)
[ view plain ]
| 000 -LEADER | |
|---|---|
| fixed length control field | 01081cam a2200277 4500 |
| 001 - CONTROL NUMBER | |
| control field | L128828 |
| 008 - FIXED-LENGTH DATA ELEMENTS--GENERAL INFORMATION | |
| fixed length control field | 050217n2005 000 0 eng u |
| 020 ## - INTERNATIONAL STANDARD BOOK NUMBER | |
| International Standard Book Number | 0582894085 |
| 035 ## - SYSTEM CONTROL NUMBER | |
| System control number | (Sirsi) u128828 |
| 041 ## - LANGUAGE CODE | |
| Language code of text/sound track or separate title | eng |
| 050 ## - LIBRARY OF CONGRESS CALL NUMBER | |
| Classification number | 346.41072 |
| -- | 18 |
| 100 ## - MAIN ENTRY--PERSONAL NAME | |
| Personal name | Atiyah, P. S. |
| 245 #4 - TITLE STATEMENT | |
| Title | The sale of goods |
| 250 ## - EDITION STATEMENT | |
| Edition statement | 11th ed. |
| 260 ## - PUBLICATION, DISTRIBUTION, ETC. | |
| Place of publication, distribution, etc. | Harlow |
| Name of publisher, distributor, etc. | Pearson Education Ltd. |
| Date of publication, distribution, etc. | 2005 |
| 300 ## - PHYSICAL DESCRIPTION | |
| Extent | xlii, 574p. |
| Dimensions | 24cm. |
| 350 ## - PRICE (NR) (BK AM CF MU VM SE) [OBSOLETE] | |
| Price | 37.99 |
| 520 ## - SUMMARY, ETC. | |
| Summary, etc. | Gives a full account of the law of sale of goods in the United Kingdom. This 11th edition has been brought up to date with legislative and common law changes that have taken place over the last few years especially the ones brought in by the new Consumer Guarantees Directive (Directive 1999/44/EC) which has required substantial amendment to the Sale of Goods Act 1979. |
| 590 ## - LOCAL NOTE (RLIN) | |
| Local note | IKA190705 |
| 650 ## - SUBJECT ADDED ENTRY--TOPICAL TERM | |
| Topical term or geographic name entry element | DIRECTIVE 1999/44/EC |
| 650 ## - SUBJECT ADDED ENTRY--TOPICAL TERM | |
| Topical term or geographic name entry element | SALE OF GOODS ACT 1979 |
| 690 ## - LOCAL SUBJECT ADDED ENTRY--TOPICAL TERM (OCLC, RLIN) | |
| Topical term or geographic name as entry element | MANAGEMENT-DISPUTE AVOIDANCE, MANAGEMENT AND RESOLUTION |
| 700 ## - ADDED ENTRY--PERSONAL NAME | |
| Personal name | Adams, John N. |
| 700 ## - ADDED ENTRY--PERSONAL NAME | |
| Personal name | MacQueen, Hector |
| 942 ## - ADDED ENTRY ELEMENTS (KOHA) | |
| Suppress in OPAC | 0 |
| Withdrawn status | Lost status | Source of classification or shelving scheme | Damaged status | Not for loan | Home library | Current library | Shelving location | Date acquired | Cost, normal purchase price | Total Checkouts | Full call number | Barcode | Date last seen | Copy number | Cost, replacement price | Price effective from | Koha item type |
|---|---|---|---|---|---|---|---|---|---|---|---|---|---|---|---|---|---|
| Other/Generic Classification Scheme | London | London | Books | 17/06/2005 | 37.99 | 346.41072 ATI | 30069901 | 06/08/2019 | 1 | 37.99 | 06/08/2019 | Book |